Les 20 plus grandes villes de Provence-Alpes-Côte d'Azur - Statistiques

Statistiques générales
  • Ce quiz a été pris 340 fois
  • Le résultat moyen est 13 sur 20
Statistiques - réponses
Département Population Aire urbaine % Correct
Bouches-du-Rhône 873 076 Marseille
100%
Alpes-Maritimes 348 085 Nice
99%
Var 180 452 Toulon
95%
Alpes-Maritimes 73 255 Cannes
92%
Bouches-du-Rhône 147 478 Aix-en-Provence
90%
Vaucluse 90 330 Avignon
90%
Hautes-Alpes 40 500 Gap
72%
Alpes-Maritimes 75 130 Antibes
68%
Bouches-du-Rhône 50 415 Arles
67%
Var 57 082 Fréjus
66%
Var 55 103 Hyères
63%
Bouches-du-Rhône 48 568 Martigues
55%
Bouches-du-Rhône 47 342 Aubagne
52%
Var 62 763 La Seyne-sur-Mer
50%
Alpes-Maritimes 48 323 Grasse
49%
Bouches-du-Rhône 44 577 Istres
48%
Var 39 745 Draguignan
45%
Bouches-du-Rhône 44 731 Salon-de-Provence
42%
Alpes-Maritimes 52 580 Cagnes-sur-Mer
40%
Alpes-Maritimes 41 597 Le Cannet
25%
Aucun quiz correspondant
Distribution des résultats
% des personnes avec chaque résultat
Percentile par nombre de réponses
Votre historique - résultats
Vous n’avez pas pris ce quiz